HIGH COURT CRIMINAL SESSION No. 433 of 1968 Uganda Vs Herbert Kaddu (Record no. 6164)

MARC details
000 -LEADER
fixed length control field 00447nam a22001097a 4500
008 - FIXED-LENGTH DATA ELEMENTS--GENERAL INFORMATION
fixed length control field 150615b xxu||||| |||| 00| 0 eng d
010 ## - LIBRARY OF CONGRESS CONTROL NUMBER
Field link and sequence number HCCRSF:001
245 ## - TITLE STATEMENT
Title HIGH COURT CRIMINAL SESSION No. 433 of 1968 Uganda Vs Herbert Kaddu
260 ## - PUBLICATION, DISTRIBUTION, ETC. (IMPRINT)
Place of publication, distribution, etc High court Kampala
500 ## - GENERAL NOTE
Materials specified (Original Criminal Case No. AL.15 of 1967 of the District Court of Lugazi.<br/> Before: M.C. Kantinti, Esq., Chief Magistrate )
500 ## - GENERAL NOTE
Materials specified Before: The Hon .Mr. Justice Saldanha
Holdings
Withdrawn status Lost status Source of classification or shelving scheme Damaged status Koha normalized classification for sorting Not for loan Location (home branch) Sublocation or collection (holding branch) Shelving location Date acquired Koha issues (times borrowed) Koha full call number Piece designation (barcode) Koha date last seen Price effective from Koha item type Public note
    Dewey Decimal Classification   HCCRSF_001   Archives Archives Archives 06/15/2015   HCCrSF:001 0343/2015 06/15/2015 06/15/2015 Un Reported Cases Judgement was entered on 27th Nov 1968
    Dewey Decimal Classification   HCCRSF_001   Archives Archives Archives 06/15/2015   HCCrSF:001 0345/2015 06/15/2015 06/15/2015 Un Reported Cases Judgement was entered on 27th Nov 1968
    Dewey Decimal Classification   HCCRSF_001   Archives Archives Archives 06/15/2015   HCCrSF:001 0412/2015 06/15/2015 06/15/2015 Un Reported Cases Judgement was entered on 27th Nov 1968